عرض عادي
عرض مارك
- Pennington, Bruce Franklin,
مدخل إسم شخص
001 - رقم الضبط
- حقل الضبط: 50119
003 - معرف رقم الضبط
- حقل الضبط: OSt
005 - تاريخ ووقت أخر عملية
- حقل الضبط: 20150730014340.0
008 - عناصر بيانات ثابتة الطول
- حقل تحكم ثابت الطول: 150730|| aca||aabn | a|a d
040 ## - مصدر الفهرسة
- هيئة الفهرسة الأصلية: OSt
- وكالة الكتابة: OSt
100 ## - مدخل -- أسم شخص
- إسم شخص: Pennington, Bruce Franklin,
- تواريخ مرتبطة بالاسم: 1946-
670 ## - بيانات المصدر موجوده
- الاستشهاد بالمصدر: Work cat.: (OSt)0: Pennington, Bruce Franklin, 1946-, Explaining abnormal behavior :, 2014.
